Aktuálne otázky teórie a praxe budovania ASR / : zborník prednášok /

Uložené v:
Podrobná bibliografia
Hlavný autor: Čarnický, Štefan (Author)
Médium: Kniha
Jazyk:Slovak
Vydané: Košice : Československá vědecko-technická společnost, 1983.
Vydanie:1. vyd.
ISBN: (brož.)
Fyzický popis: 158 s.
Tagy: Pridať tag
Žiadne tagy, Buďte prvý kto otaguje tento záznam!

MARC

LEADER 00000nam a2200000 a 4500
001 000095708
005 20091113214127.0
008 040101s1983 slo slo d
020 |a (brož.) 
040 |a SVKKK  |b slo  |c SVKKK  |e AACR2 
041 0 |a slo 
044 |a xo  |c SK 
245 1 0 |a Aktuálne otázky teórie a praxe budovania ASR / :  |b zborník prednášok /  |c Štefan Čarnický ... [et al.]. 
250 |a 1. vyd. 
260 |a Košice :  |b Československá vědecko-technická společnost,  |c 1983. 
300 |a 158 s. 
700 1 |a Čarnický, Štefan  |4 aut 
910 |a svkkk 
998 |a BK 
090 |g SCKHL  |k Sklad Pribinova 2. posch.  |a II.289829  |j 697549  |i 95708-10  |s Absenčne 
090 |g SCKHL  |k Sklad Pribinova 2. posch.  |a II.289830  |j 697550  |i 95708-20  |s Absenčne